[Event "Deutsche Ländermeisterschaft 2025"]
[Site "Oer-Erkenschwick GER"]
[Date "2025.10.01"]
[Round "1"]
[White "Nönnig, Lotte"]
[Black "Subocz, Emma"]
[Result "1-0"]
[Termination "normal"]
[Board "7.8"]
[WhiteElo "1642"]
[BlackElo "1569"]
[WhiteClock "00:49:17"]
[BlackClock "01:01:04"]
[WhiteTeam "Sachsen-Anhalt"]
[BlackTeam "Mecklenburg-Vorpommern"]
[PlyCount "53"]
[WhiteFideId "34611509"]
[BlackFideId "41805666"]
[EventCountry "GER"]
[EventRounds "7"]
[EventType "team-swiss"]
[EventDate "2025.09.30"]

1. e4 {[%clk 01:30:53]} {[%emt 00:00:06]} c5 {[%clk 01:30:41]} {[%emt
00:00:20]} 2. Nf3 {[%clk 01:31:00]} {[%emt 00:00:22]} d6 {[%clk 01:30:56]}
{[%emt 00:00:15]} 3. d4 {[%clk 01:31:06]} {[%emt 00:00:24]} cxd4 {[%clk
01:31:16]} {[%emt 00:00:10]} 4. Nxd4 {[%clk 01:31:22]} {[%emt 00:00:14]} Nf6
{[%clk 01:31:20]} {[%emt 00:00:27]} 5. Nc3 {[%clk 01:31:23]} {[%emt 00:00:28]}
g6 {[%clk 01:31:13]} {[%emt 00:00:37]} 6. Be3 {[%clk 01:31:15]} {[%emt
00:00:38]} Bg7 {[%clk 01:31:20]} {[%emt 00:00:24]} 7. f3 {[%clk 01:31:02]}
{[%emt 00:00:43]} O-O {[%clk 01:31:20]} {[%emt 00:00:30]} 8. Qd2 {[%clk
01:29:36]} {[%emt 00:01:55]} Nc6 {[%clk 01:31:13]} {[%emt 00:00:38]} 9. Bc4
{[%clk 01:29:08]} {[%emt 00:00:58]} Bd7 {[%clk 01:29:05]} {[%emt 00:02:37]} 10.
O-O-O {[%clk 01:28:51]} {[%emt 00:00:47]} Rc8 {[%clk 01:28:17]} {[%emt
00:01:15]} 11. Bb3 {[%clk 01:28:53]} {[%emt 00:00:31]} a6 {[%clk 01:24:57]}
{[%emt 00:03:51]} 12. Kb1 {[%clk 01:27:10]} {[%emt 00:02:12]} b5 {[%clk
01:24:08]} {[%emt 00:01:20]} 13. g4 {[%clk 01:25:25]} {[%emt 00:02:14]} Ne5
{[%clk 01:19:55]} {[%emt 00:04:43]} 14. h4 {[%clk 01:17:15]} {[%emt 00:08:41]}
Nc4 {[%clk 01:09:05]} {[%emt 00:11:20]} 15. Bxc4 {[%clk 01:15:09]} {[%emt
00:02:36]} Rxc4 {[%clk 01:07:57]} {[%emt 00:01:38]} 16. h5 {[%clk 01:10:18]}
{[%emt 00:05:21]} b4 {[%clk 01:05:15]} {[%emt 00:03:13]} 17. Nce2 {[%clk
01:05:44]} {[%emt 00:05:04]} a5 {[%clk 01:02:37]} {[%emt 00:03:08]} 18. hxg6
{[%clk 01:03:11]} {[%emt 00:03:03]} fxg6 {[%clk 01:02:19]} {[%emt 00:00:48]}
19. Bh6 {[%clk 00:50:57]} {[%emt 00:12:44]} a4 {[%clk 01:00:29]} {[%emt
00:02:21]} 20. Bxg7 {[%clk 00:48:44]} {[%emt 00:02:42]} Kxg7 {[%clk 01:00:39]}
{[%emt 00:00:19]} 21. Qh6+ {[%clk 00:48:32]} {[%emt 00:00:42]} Kf7 {[%clk
01:00:45]} {[%emt 00:00:24]} 22. g5 {[%clk 00:47:31]} {[%emt 00:01:31]} Ng8
{[%clk 01:00:28]} {[%emt 00:00:46]} 23. Qxh7+ {[%clk 00:47:45]} {[%emt
00:00:16]} Ke8 {[%clk 01:00:45]} {[%emt 00:00:14]} 24. Qxg6+ {[%clk 00:48:06]}
{[%emt 00:00:09]} Rf7 {[%clk 01:00:42]} {[%emt 00:00:32]} 25. Qxg8+ {[%clk
00:48:29]} {[%emt 00:00:06]} Rf8 {[%clk 01:00:45]} {[%emt 00:00:27]} 26. Qg6+
{[%clk 00:48:54]} {[%emt 00:00:05]} Rf7 {[%clk 01:01:04]} {[%emt 00:00:11]} 27.
Rh8# {[%clk 00:49:17]} {[%emt 00:00:07]} 1-0

[Event "Deutsche Ländermeisterschaft 2025"]
[Site "Oer-Erkenschwick GER"]
[Date "2025.10.01"]
[Round "1"]
[White "Spriestersbach, Kai"]
[Black "Sheng, Ming"]
[Result "1/2-1/2"]
[Termination "normal"]
[Board "8.1"]
[WhiteTitle "FM"]
[WhiteElo "2194"]
[BlackElo "2148"]
[WhiteClock "00:08:56"]
[BlackClock "00:40:17"]
[WhiteTeam "Nordrhein-Westfalen 2"]
[BlackTeam "Saarland & Friends"]
[PlyCount "158"]
[WhiteFideId "16269985"]
[BlackFideId "34605258"]
[EventCountry "GER"]
[EventRounds "7"]
[EventType "team-swiss"]
[EventDate "2025.09.30"]

1. e4 {[%clk 01:30:57]} {[%emt 00:00:02]} c6 {[%clk 01:30:58]} {[%emt
00:00:03]} 2. Nf3 {[%clk 01:31:17]} {[%emt 00:00:10]} d5 {[%clk 01:31:20]}
{[%emt 00:00:08]} 3. d3 {[%clk 01:31:41]} {[%emt 00:00:06]} dxe4 {[%clk
01:31:35]} {[%emt 00:00:15]} 4. dxe4 {[%clk 01:32:05]} {[%emt 00:00:06]} Qxd1+
{[%clk 01:31:57]} {[%emt 00:00:09]} 5. Kxd1 {[%clk 01:32:30]} {[%emt 00:00:03]}
Nf6 {[%clk 01:32:17]} {[%emt 00:00:11]} 6. Nbd2 {[%clk 01:32:53]} {[%emt
00:00:05]} Nbd7 {[%clk 01:32:16]} {[%emt 00:00:34]} 7. Ne1 {[%clk 01:30:19]}
{[%emt 00:03:03]} g5 {[%clk 01:29:15]} {[%emt 00:03:33]} 8. Nd3 {[%clk
01:23:10]} {[%emt 00:07:38]} h5 {[%clk 01:28:49]} {[%emt 00:00:56]} 9. a4
{[%clk 01:12:42]} {[%emt 00:10:57]} Bh6 {[%clk 01:23:28]} {[%emt 00:05:52]} 10.
e5 {[%clk 01:02:02]} {[%emt 00:11:10]} Nd5 {[%clk 01:23:08]} {[%emt 00:00:50]}
11. Ne4 {[%clk 00:55:36]} {[%emt 00:06:55]} Nf4 {[%clk 01:16:57]} {[%emt
00:06:42]} 12. Nxg5 {[%clk 00:48:47]} {[%emt 00:07:19]} Nxd3 {[%clk 01:15:54]}
{[%emt 00:01:33]} 13. Bxd3 {[%clk 00:48:42]} {[%emt 00:00:35]} Nxe5 {[%clk
01:16:13]} {[%emt 00:00:11]} 14. Be2 {[%clk 00:48:03]} {[%emt 00:01:09]} Bf5
{[%clk 01:14:40]} {[%emt 00:02:03]} 15. Nf3 {[%clk 00:40:50]} {[%emt 00:07:43]}
Nxf3 {[%clk 01:07:07]} {[%emt 00:08:03]} 16. Bxf3 {[%clk 00:34:52]} {[%emt
00:06:27]} Rd8+ {[%clk 01:06:26]} {[%emt 00:01:11]} 17. Ke2 {[%clk 00:30:59]}
{[%emt 00:04:23]} Bxc2 {[%clk 01:06:44]} {[%emt 00:00:12]} 18. Bxh6 {[%clk
00:26:12]} {[%emt 00:05:18]} Rxh6 {[%clk 01:06:55]} {[%emt 00:00:19]} 19. Rhe1
{[%clk 00:18:36]} {[%emt 00:08:06]} Bd3+ {[%clk 01:04:33]} {[%emt 00:02:52]}
20. Ke3 {[%clk 00:17:32]} {[%emt 00:01:33]} Re6+ {[%clk 00:58:48]} {[%emt
00:06:16]} 21. Kd2 {[%clk 00:11:31]} {[%emt 00:06:31]} Be2+ {[%clk 00:56:17]}
{[%emt 00:03:01]} 22. Kc3 {[%clk 00:11:26]} {[%emt 00:00:35]} Bxf3 {[%clk
00:56:23]} {[%emt 00:00:25]} 23. Rxe6 {[%clk 00:11:50]} {[%emt 00:00:05]} fxe6
{[%clk 00:56:38]} {[%emt 00:00:15]} 24. gxf3 {[%clk 00:12:18]} {[%emt
00:00:01]} Rd5 {[%clk 00:56:32]} {[%emt 00:00:35]} 25. Ra3 {[%clk 00:08:10]}
{[%emt 00:04:39]} Rg5 {[%clk 00:54:54]} {[%emt 00:02:08]} 26. Kd2 {[%clk
00:08:05]} {[%emt 00:00:35]} Rg2 {[%clk 00:54:06]} {[%emt 00:01:19]} 27. Ke2
{[%clk 00:05:55]} {[%emt 00:02:40]} Rxh2 {[%clk 00:53:18]} {[%emt 00:01:19]}
28. a5 {[%clk 00:04:34]} {[%emt 00:01:50]} Rh4 {[%clk 00:52:40]} {[%emt
00:01:08]} 29. Rb3 {[%clk 00:03:34]} {[%emt 00:01:30]} Ra4 {[%clk 00:52:57]}
{[%emt 00:00:13]} 30. Rxb7 {[%clk 00:04:02]} {[%emt 00:00:02]} Rxa5 {[%clk
00:53:17]} {[%emt 00:00:10]} 31. Kf1 {[%clk 00:02:06]} {[%emt 00:02:26]} Kf7
{[%clk 00:52:01]} {[%emt 00:01:46]} 32. Rc7 {[%clk 00:02:11]} {[%emt 00:00:24]}
c5 {[%clk 00:51:40]} {[%emt 00:00:51]} 33. Kg2 {[%clk 00:02:27]} {[%emt
00:00:15]} a6 {[%clk 00:49:59]} {[%emt 00:02:11]} 34. Rc6 {[%clk 00:02:25]}
{[%emt 00:00:32]} Rb5 {[%clk 00:44:46]} {[%emt 00:05:43]} 35. Rxa6 {[%clk
00:02:53]} {[%emt 00:00:02]} Rxb2 {[%clk 00:45:08]} {[%emt 00:00:08]} 36. Rc6
{[%clk 00:02:44]} {[%emt 00:00:39]} Rc2 {[%clk 00:45:29]} {[%emt 00:00:09]} 37.
f4 {[%clk 00:02:12]} {[%emt 00:01:02]} Kf6 {[%clk 00:44:58]} {[%emt 00:01:01]}
38. Rc7 {[%clk 00:01:31]} {[%emt 00:01:11]} h4 {[%clk 00:42:38]} {[%emt
00:02:51]} 39. Kf3 {[%clk 00:01:39]} {[%emt 00:00:21]} h3 {[%clk 00:40:51]}
{[%emt 00:02:18]} 40. Kg3 {[%clk 00:01:50]} {[%emt 00:00:19]} h2 {[%clk
00:35:48]} {[%emt 00:05:33]} 41. Kxh2 {[%clk 00:01:54]} {[%emt 00:00:25]} Rxf2+
{[%clk 00:36:14]} {[%emt 00:00:05]} 42. Kg3 {[%clk 00:01:20]} {[%emt 00:01:04]}
Rc2 {[%clk 00:36:35]} {[%emt 00:00:08]} 43. Kg4 {[%clk 00:27:18]} {[%emt
00:04:33]} c4 {[%clk 01:00:19]} {[%emt 00:06:45]} 44. Kf3 {[%clk 00:26:53]}
{[%emt 00:00:55]} c3 {[%clk 01:00:21]} {[%emt 00:00:28]} 45. Ke3 {[%clk
00:21:19]} {[%emt 00:06:04]} Rc1 {[%clk 01:00:30]} {[%emt 00:00:22]} 46. Rc5
{[%clk 00:20:41]} {[%emt 00:01:07]} Rh1 {[%clk 00:58:17]} {[%emt 00:02:43]} 47.
Ke4 {[%clk 00:19:48]} {[%emt 00:01:23]} Rc1 {[%clk 00:56:38]} {[%emt 00:02:08]}
48. Ke3 {[%clk 00:20:07]} {[%emt 00:00:11]} c2 {[%clk 00:55:30]} {[%emt
00:01:38]} 49. Kd3 {[%clk 00:16:17]} {[%emt 00:04:20]} Rf1 {[%clk 00:55:36]}
{[%emt 00:00:24]} 50. Rxc2 {[%clk 00:16:43]} {[%emt 00:00:05]} Rxf4 {[%clk
00:56:00]} {[%emt 00:00:06]} 51. Ke3 {[%clk 00:17:07]} {[%emt 00:00:05]} Ra4
{[%clk 00:54:16]} {[%emt 00:02:14]} 52. Rc5 {[%clk 00:16:52]} {[%emt 00:00:46]}
e5 {[%clk 00:54:05]} {[%emt 00:00:41]} 53. Rc8 {[%clk 00:15:48]} {[%emt
00:01:33]} Ke6 {[%clk 00:48:22]} {[%emt 00:06:14]} 54. Rh8 {[%clk 00:15:37]}
{[%emt 00:00:40]} Ra1 {[%clk 00:48:30]} {[%emt 00:00:22]} 55. Rb8 {[%clk
00:15:44]} {[%emt 00:00:23]} Rg1 {[%clk 00:46:47]} {[%emt 00:02:13]} 56. Ra8
{[%clk 00:15:54]} {[%emt 00:00:20]} Re1+ {[%clk 00:45:37]} {[%emt 00:01:41]}
57. Kd2 {[%clk 00:16:06]} {[%emt 00:00:18]} Rf1 {[%clk 00:45:18]} {[%emt
00:00:50]} 58. Ke3 {[%clk 00:16:27]} {[%emt 00:00:08]} Kf7 {[%clk 00:44:10]}
{[%emt 00:01:36]} 59. Rb8 {[%clk 00:16:42]} {[%emt 00:00:16]} Re1+ {[%clk
00:43:54]} {[%emt 00:00:47]} 60. Kd2 {[%clk 00:16:54]} {[%emt 00:00:18]} Rg1
{[%clk 00:43:52]} {[%emt 00:00:32]} 61. Ke3 {[%clk 00:17:07]} {[%emt 00:00:16]}
Rg3+ {[%clk 00:41:53]} {[%emt 00:02:29]} 62. Ke4 {[%clk 00:16:57]} {[%emt
00:00:40]} Kf6 {[%clk 00:41:34]} {[%emt 00:00:49]} 63. Rb6+ {[%clk 00:15:56]}
{[%emt 00:01:32]} e6 {[%clk 00:41:46]} {[%emt 00:00:18]} 64. Rb8 {[%clk
00:15:46]} {[%emt 00:00:40]} Rg4+ {[%clk 00:42:10]} {[%emt 00:00:06]} 65. Kf3
{[%clk 00:16:10]} {[%emt 00:00:05]} Rc4 {[%clk 00:42:19]} {[%emt 00:00:21]} 66.
Ke3 {[%clk 00:11:47]} {[%emt 00:04:54]} Ke7 {[%clk 00:41:28]} {[%emt 00:01:20]}
67. Ra8 {[%clk 00:11:09]} {[%emt 00:01:08]} Kd7 {[%clk 00:41:17]} {[%emt
00:00:40]} 68. Rb8 {[%clk 00:10:19]} {[%emt 00:01:21]} Ra4 {[%clk 00:39:23]}
{[%emt 00:02:23]} 69. Rh8 {[%clk 00:09:35]} {[%emt 00:01:15]} Kd6 {[%clk
00:38:21]} {[%emt 00:01:32]} 70. Rd8+ {[%clk 00:09:32]} {[%emt 00:00:34]} Kc6
{[%clk 00:38:31]} {[%emt 00:00:18]} 71. Rc8+ {[%clk 00:09:26]} {[%emt
00:00:37]} Kd6 {[%clk 00:38:50]} {[%emt 00:00:10]} 72. Rd8+ {[%clk 00:09:51]}
{[%emt 00:00:06]} Ke7 {[%clk 00:39:03]} {[%emt 00:00:17]} 73. Rb8 {[%clk
00:09:49]} {[%emt 00:00:32]} e4 {[%clk 00:39:24]} {[%emt 00:00:10]} 74. Rb7+
{[%clk 00:07:23]} {[%emt 00:02:55]} Kf6 {[%clk 00:39:42]} {[%emt 00:00:13]} 75.
Rb5 {[%clk 00:07:48]} {[%emt 00:00:05]} Rc4 {[%clk 00:39:59]} {[%emt 00:00:12]}
76. Ra5 {[%clk 00:08:08]} {[%emt 00:00:11]} Rb4 {[%clk 00:39:23]} {[%emt
00:01:06]} 77. Rc5 {[%clk 00:08:31]} {[%emt 00:00:06]} Ra4 {[%clk 00:39:49]}
{[%emt 00:00:04]} 78. Rb5 {[%clk 00:08:56]} {[%emt 00:00:06]} Rc4 {[%clk
00:40:17]} {[%emt 00:00:02]} 79. Kxe4 {[%emt 00:00:12]} Ke5+ 1/2-1/2

[Event "Deutsche Ländermeisterschaft 2025"]
[Site "Oer-Erkenschwick GER"]
[Date "2025.10.01"]
[Round "1"]
[White "Müller, Maximilian"]
[Black "Lutze, Max"]
[Result "0-1"]
[Termination "normal"]
[Board "8.2"]
[WhiteElo "2059"]
[BlackElo "2102"]
[WhiteClock "00:17:00"]
[BlackClock "00:05:11"]
[WhiteTeam "Saarland & Friends"]
[BlackTeam "Nordrhein-Westfalen 2"]
[PlyCount "103"]
[WhiteFideId "16243552"]
[BlackFideId "34614850"]
[EventCountry "GER"]
[EventRounds "7"]
[EventType "team-swiss"]
[EventDate "2025.09.30"]

1. e4 {[%clk 01:30:57]} {[%emt 00:00:02]} e5 {[%clk 01:30:46]} {[%emt
00:00:16]} 2. Nf3 {[%clk 01:31:15]} {[%emt 00:00:11]} Nc6 {[%clk 01:31:11]}
{[%emt 00:00:05]} 3. Bb5 {[%emt 00:00:06]} a6 {[%clk 01:31:02]} {[%emt
00:00:37]} 4. Ba4 {[%clk 01:32:06]} {[%emt 00:00:05]} Nf6 {[%clk 01:31:25]}
{[%emt 00:00:07]} 5. O-O {[%clk 01:32:29]} {[%emt 00:00:06]} Be7 {[%clk
01:30:53]} {[%emt 00:01:03]} 6. Re1 {[%clk 01:32:54]} {[%emt 00:00:06]} b5
{[%clk 01:31:13]} {[%emt 00:00:10]} 7. Bb3 {[%clk 01:33:19]} {[%emt 00:00:04]}
d6 {[%clk 01:31:19]} {[%emt 00:00:23]} 8. a4 {[%clk 01:33:14]} {[%emt
00:00:36]} Bd7 {[%clk 01:28:09]} {[%emt 00:03:39]} 9. c3 {[%clk 01:28:48]}
{[%emt 00:04:55]} O-O {[%clk 01:23:38]} {[%emt 00:05:01]} 10. d4 {[%clk
01:24:25]} {[%emt 00:04:53]} Bg4 {[%clk 01:21:41]} {[%emt 00:02:27]} 11. Be3
{[%clk 01:18:47]} {[%emt 00:06:09]} Re8 {[%clk 01:02:20]} {[%emt 00:19:50]} 12.
Nbd2 {[%clk 01:18:13]} {[%emt 00:01:05]} exd4 {[%clk 00:53:32]} {[%emt
00:09:17]} 13. cxd4 {[%clk 01:18:24]} {[%emt 00:00:19]} Nb4 {[%clk 00:52:34]}
{[%emt 00:01:28]} 14. Qe2 {[%clk 01:02:19]} {[%emt 00:16:37]} Qd7 {[%clk
00:49:03]} {[%emt 00:03:59]} 15. axb5 {[%clk 00:37:28]} {[%emt 00:25:22]} axb5
{[%clk 00:49:21]} {[%emt 00:00:12]} 16. Rxa8 {[%clk 00:34:50]} {[%emt
00:03:07]} Rxa8 {[%clk 00:49:44]} {[%emt 00:00:07]} 17. e5 {[%clk 00:34:16]}
{[%emt 00:01:05]} Nfd5 {[%clk 00:41:49]} {[%emt 00:08:24]} 18. Ne4 {[%clk
00:32:49]} {[%emt 00:01:58]} dxe5 {[%clk 00:39:11]} {[%emt 00:03:08]} 19. Nxe5
{[%clk 00:27:28]} {[%emt 00:05:51]} Bxe2 {[%clk 00:39:29]} {[%emt 00:00:11]}
20. Nxd7 {[%clk 00:27:55]} {[%emt 00:00:04]} Bc4 {[%clk 00:27:51]} {[%emt
00:12:07]} 21. Bxc4 {[%clk 00:23:04]} {[%emt 00:05:22]} bxc4 {[%clk 00:28:19]}
{[%emt 00:00:02]} 22. Nd2 {[%clk 00:23:23]} {[%emt 00:00:11]} Nd3 {[%clk
00:25:02]} {[%emt 00:03:47]} 23. Rb1 {[%clk 00:23:47]} {[%emt 00:00:06]} Rd8
{[%clk 00:25:21]} {[%emt 00:00:11]} 24. Nxc4 {[%clk 00:22:15]} {[%emt
00:02:03]} Rxd7 {[%clk 00:25:43]} {[%emt 00:00:07]} 25. Rd1 {[%clk 00:22:32]}
{[%emt 00:00:13]} N3b4 {[%clk 00:26:00]} {[%emt 00:00:13]} 26. Ne5 {[%clk
00:22:41]} {[%emt 00:00:20]} Rd8 {[%clk 00:26:23]} {[%emt 00:00:07]} 27. Rc1
{[%clk 00:21:17]} {[%emt 00:01:55]} Bd6 {[%clk 00:25:59]} {[%emt 00:00:53]} 28.
Nc4 {[%clk 00:21:37]} {[%emt 00:00:11]} f6 {[%clk 00:25:51]} {[%emt 00:00:37]}
29. g3 {[%clk 00:22:02]} {[%emt 00:00:06]} Kf7 {[%clk 00:25:59]} {[%emt
00:00:22]} 30. Bd2 {[%clk 00:21:50]} {[%emt 00:00:43]} Nd3 {[%clk 00:24:19]}
{[%emt 00:02:09]} 31. Ra1 {[%clk 00:21:02]} {[%emt 00:01:18]} Bb4 {[%clk
00:24:10]} {[%emt 00:00:39]} 32. Be3 {[%clk 00:21:17]} {[%emt 00:00:15]} Be7
{[%clk 00:20:35]} {[%emt 00:04:05]} 33. Rd1 {[%clk 00:19:49]} {[%emt 00:01:58]}
Nxe3 {[%clk 00:19:06]} {[%emt 00:01:59]} 34. fxe3 {[%clk 00:20:10]} {[%emt
00:00:09]} Ne5 {[%clk 00:17:58]} {[%emt 00:01:37]} 35. b3 {[%clk 00:19:44]}
{[%emt 00:00:57]} Ke6 {[%clk 00:12:04]} {[%emt 00:06:23]} 36. Kf2 {[%clk
00:19:52]} {[%emt 00:00:22]} Ng4+ {[%clk 00:08:21]} {[%emt 00:04:13]} 37. Kg2
{[%clk 00:20:09]} {[%emt 00:00:14]} f5 {[%clk 00:08:06]} {[%emt 00:00:44]} 38.
h3 {[%clk 00:20:17]} {[%emt 00:00:22]} Nf6 {[%clk 00:08:35]} {[%emt 00:00:02]}
39. Kf3 {[%clk 00:20:46]} {[%emt 00:00:01]} Rb8 {[%clk 00:08:17]} {[%emt
00:00:46]} 40. Rd3 {[%clk 00:20:59]} {[%emt 00:00:18]} h5 {[%clk 00:06:13]}
{[%emt 00:02:35]} 41. Nd2 {[%clk 00:17:04]} {[%emt 00:04:26]} Bd6 {[%clk
00:03:36]} {[%emt 00:03:05]} 42. e4 {[%clk 00:16:11]} {[%emt 00:01:24]} fxe4+
{[%clk 00:03:47]} {[%emt 00:00:19]} 43. Nxe4 {[%clk 00:16:37]} {[%emt
00:00:04]} Nxe4 {[%clk 00:04:02]} {[%emt 00:00:14]} 44. Kxe4 {[%clk 00:17:04]}
{[%emt 00:00:03]} Rb4 {[%clk 00:04:04]} {[%emt 00:00:28]} 45. Re3 {[%clk
00:15:59]} {[%emt 00:01:36]} Be5 {[%clk 00:03:53]} {[%emt 00:00:40]} 46. Rd3
{[%clk 00:15:47]} {[%emt 00:00:43]} c5 {[%clk 00:04:12]} {[%emt 00:00:11]} 47.
g4 {[%clk 00:16:11]} {[%emt 00:00:05]} h4 {[%clk 00:04:07]} {[%emt 00:00:35]}
48. Kf3 {[%clk 00:15:49]} {[%emt 00:00:53]} Rxd4 {[%clk 00:04:29]} {[%emt
00:00:08]} 49. Rxd4 {[%clk 00:16:13]} {[%emt 00:00:06]} Bxd4 {[%clk 00:04:39]}
{[%emt 00:00:20]} 50. Ke4 {[%clk 00:16:36]} {[%emt 00:00:07]} Be5 {[%clk
00:05:01]} {[%emt 00:00:08]} 51. g5 {[%clk 00:17:00]} {[%emt 00:00:06]} g6
{[%clk 00:05:11]} {[%emt 00:00:20]} 52. Kd4 {[%emt 00:00:10]} 0-1

[Event "Deutsche Ländermeisterschaft 2025"]
[Site "Oer-Erkenschwick GER"]
[Date "2025.10.01"]
[Round "1"]
[White "Schwitkowski, Luka"]
[Black "Tabales, Lennart"]
[Result "1/2-1/2"]
[Termination "normal"]
[Board "8.3"]
[WhiteElo "2119"]
[BlackElo "1873"]
[WhiteClock "00:21:53"]
[BlackClock "00:10:52"]
[WhiteTeam "Nordrhein-Westfalen 2"]
[BlackTeam "Saarland & Friends"]
[PlyCount "97"]
[WhiteFideId "34610669"]
[BlackFideId "34604057"]
[EventCountry "GER"]
[EventRounds "7"]
[EventType "team-swiss"]
[EventDate "2025.09.30"]

1. e4 {[%clk 01:30:57]} {[%emt 00:00:03]} d5 {[%clk 01:30:45]} {[%emt
00:00:16]} 2. exd5 {[%clk 01:31:19]} {[%emt 00:00:08]} Nf6 {[%clk 01:31:08]}
{[%emt 00:00:06]} 3. Nf3 {[%clk 01:31:36]} {[%emt 00:00:12]} Nxd5 {[%clk
01:29:45]} {[%emt 00:01:54]} 4. d4 {[%clk 01:32:03]} {[%emt 00:00:03]} Bg4
{[%clk 01:28:41]} {[%emt 00:01:34]} 5. Be2 {[%clk 01:26:33]} {[%emt 00:05:59]}
c6 {[%clk 01:22:52]} {[%emt 00:06:20]} 6. O-O {[%clk 01:24:58]} {[%emt
00:02:05]} e6 {[%clk 01:19:53]} {[%emt 00:03:29]} 7. c4 {[%clk 01:24:48]}
{[%emt 00:00:40]} Nf6 {[%clk 01:19:03]} {[%emt 00:01:20]} 8. Nc3 {[%clk
01:24:42]} {[%emt 00:00:36]} Bd6 {[%clk 01:14:11]} {[%emt 00:05:22]} 9. h3
{[%clk 01:24:31]} {[%emt 00:00:41]} Bh5 {[%clk 01:13:30]} {[%emt 00:01:11]} 10.
Qb3 {[%clk 01:12:14]} {[%emt 00:12:48]} b6 {[%clk 01:07:35]} {[%emt 00:06:24]}
11. d5 {[%clk 01:06:13]} {[%emt 00:06:30]} O-O {[%clk 00:50:25]} {[%emt
00:17:40]} 12. dxe6 {[%clk 01:06:23]} {[%emt 00:00:21]} Na6 {[%clk 00:47:40]}
{[%emt 00:03:15]} 13. Be3 {[%clk 00:57:44]} {[%emt 00:09:09]} Nc5 {[%clk
00:41:42]} {[%emt 00:06:29]} 14. Bxc5 {[%clk 00:56:08]} {[%emt 00:02:06]} Bxc5
{[%clk 00:41:20]} {[%emt 00:00:51]} 15. exf7+ {[%clk 00:50:59]} {[%emt
00:05:38]} Bxf7 {[%clk 00:39:22]} {[%emt 00:02:29]} 16. Ng5 {[%clk 00:48:48]}
{[%emt 00:02:41]} Qc7 {[%clk 00:36:37]} {[%emt 00:03:15]} 17. Nge4 {[%clk
00:46:12]} {[%emt 00:03:05]} Bd4 {[%clk 00:33:06]} {[%emt 00:04:02]} 18. Nxf6+
{[%clk 00:39:59]} {[%emt 00:06:42]} Bxf6 {[%clk 00:32:37]} {[%emt 00:00:59]}
19. Rad1 {[%clk 00:38:07]} {[%emt 00:02:23]} Rae8 {[%clk 00:32:19]} {[%emt
00:00:48]} 20. Rfe1 {[%clk 00:26:10]} {[%emt 00:12:27]} Qf4 {[%clk 00:23:21]}
{[%emt 00:09:27]} 21. g3 {[%clk 00:23:24]} {[%emt 00:03:17]} Qh6 {[%clk
00:18:30]} {[%emt 00:05:21]} 22. Kg2 {[%clk 00:20:23]} {[%emt 00:03:31]} c5
{[%clk 00:15:51]} {[%emt 00:03:10]} 23. Bf3 {[%clk 00:17:39]} {[%emt 00:03:13]}
Be6 {[%clk 00:15:07]} {[%emt 00:01:13]} 24. h4 {[%clk 00:12:14]} {[%emt
00:05:55]} Bd4 {[%clk 00:13:41]} {[%emt 00:01:57]} 25. Nb5 {[%clk 00:11:28]}
{[%emt 00:01:16]} Qf6 {[%clk 00:01:12]} {[%emt 00:12:58]} 26. Re4 {[%clk
00:03:10]} {[%emt 00:08:48]} Be5 {[%clk 00:00:52]} {[%emt 00:00:51]} 27. Rde1
{[%clk 00:03:02]} {[%emt 00:00:38]} Bd7 {[%clk 00:00:58]} {[%emt 00:00:25]} 28.
Qd3 {[%clk 00:02:44]} {[%emt 00:00:48]} Bc6 {[%clk 00:01:04]} {[%emt 00:00:25]}
29. R4e3 {[%clk 00:02:46]} {[%emt 00:00:27]} Rd8 {[%clk 00:01:00]} {[%emt
00:00:34]} 30. Qe2 {[%clk 00:02:42]} {[%emt 00:00:35]} a6 {[%clk 00:01:11]}
{[%emt 00:00:19]} 31. Nc3 {[%clk 00:02:56]} {[%emt 00:00:16]} Bd4 {[%clk
00:01:20]} {[%emt 00:00:21]} 32. Bd5+ {[%clk 00:03:11]} {[%emt 00:00:15]} Bxd5+
{[%clk 00:00:55]} {[%emt 00:00:54]} 33. Nxd5 {[%clk 00:03:39]} {[%emt
00:00:02]} Qd6 {[%clk 00:00:46]} {[%emt 00:00:40]} 34. Re6 {[%clk 00:03:15]}
{[%emt 00:00:53]} Qd7 {[%clk 00:01:09]} {[%emt 00:00:08]} 35. f4 {[%clk
00:03:40]} {[%emt 00:00:05]} b5 {[%clk 00:01:09]} {[%emt 00:00:30]} 36. Re7
{[%clk 00:02:27]} {[%emt 00:01:42]} Qf5 {[%clk 00:01:06]} {[%emt 00:00:33]} 37.
g4 {[%clk 00:01:33]} {[%emt 00:01:24]} Qg6 {[%clk 00:01:22]} {[%emt 00:00:14]}
38. h5 {[%clk 00:01:41]} {[%emt 00:00:22]} Qc6 {[%clk 00:01:31]} {[%emt
00:00:20]} 39. b3 {[%clk 00:01:47]} {[%emt 00:00:25]} bxc4 {[%clk 00:01:29]}
{[%emt 00:00:32]} 40. bxc4 {[%clk 00:02:16]} Rb8 {[%clk 00:01:18]} {[%emt
00:00:41]} 41. Qf3 {[%clk 00:00:38]} {[%emt 00:02:08]} Qa4 {[%clk 00:24:19]}
{[%emt 00:07:29]} 42. h6 {[%clk 00:27:43]} {[%emt 00:03:26]} Qxc4 {[%clk
00:19:36]} {[%emt 00:05:13]} 43. f5 {[%clk 00:24:15]} {[%emt 00:03:58]} Rfd8
{[%clk 00:16:04]} {[%emt 00:04:02]} 44. f6 {[%clk 00:21:42]} {[%emt 00:03:03]}
Bxf6 {[%clk 00:10:14]} {[%emt 00:06:20]} 45. Nxf6+ {[%clk 00:21:22]} {[%emt
00:00:50]} gxf6 {[%clk 00:10:42]} {[%emt 00:00:02]} 46. Qxf6 {[%clk 00:21:15]}
{[%emt 00:00:36]} Qxg4+ {[%clk 00:10:45]} {[%emt 00:00:28]} 47. Kh1 {[%clk
00:21:07]} {[%emt 00:00:36]} Qh3+ {[%clk 00:10:29]} {[%emt 00:00:48]} 48. Kg1
{[%clk 00:21:30]} {[%emt 00:00:07]} Qg3+ {[%clk 00:10:52]} {[%emt 00:00:07]}
49. Kh1 {[%clk 00:21:53]} {[%emt 00:00:07]} 1/2-1/2